Indian foreign policy in a unipolar world / (Record no. 19109)

MARC details
000 -LEADER
fixed length control field 01001nam a22002417a 4500
008 - FIXED-LENGTH DATA ELEMENTS--GENERAL INFORMATION
fixed length control field 081125t xxu||||| |||| 00| 0 eng d
010 ## - LCCN (DPL NO)
LC control number ENG-91819
020 ## - INTERNATIONAL STANDARD BOOK NUMBER
International Standard Book Number 9780415480048
Terms of availability 750.00
035 ## - SYSTEM CONTROL NUMBER
System control number EN-75352
037 ## - SOURCE OF ACQUISITION
Source of stock number/acquisition DBAD / PUB
040 ## - CATALOGING SOURCE
Original cataloging agency dpl
Language of cataloging English
082 ## - DEWEY DECIMAL CLASSIFICATION NUMBER
Classification number 327.54
245 ## - TITLE STATEMENT
Title Indian foreign policy in a unipolar world /
Statement of responsibility, etc edited by Harsh V. Pant
260 ## - PUBLICATION, DISTRIBUTION, ETC. (IMPRINT)
Place of publication, distribution, etc New Delhi
Name of publisher, distributor, etc Routledge
Date of publication, distribution, etc 2009
270 ## - ADDRESS
Address 912-915, Tolstoy House, 15-17, Tolstoy Marg,
City New Delhi
Postal code 110001
300 ## - PHYSICAL DESCRIPTION
Extent viii, 377p.
Dimensions 23cm (Hb)
490 ## - SERIES STATEMENT
Series statement War and international politics in South Asia;edited by Srinath Raghavan
500 ## - GENERAL NOTE
General note Includes bibliographical references and index
651 ## - SUBJECT ADDED ENTRY--GEOGRAPHIC NAME
Geographic name India
General subdivision Foreign relations
Chronological subdivision 21st century
700 ## - ADDED ENTRY--PERSONAL NAME
Personal name Harsh V. Pant
942 ## - ADDED ENTRY ELEMENTS (KOHA)
Source of classification or shelving scheme Dewey Decimal Classification
Item type English Books
Call number suffix IND
Classification part 327.54
Holdings
Withdrawn status Lost status Source of classification or shelving scheme Damaged status Not for loan Collection code Home library Current library Date acquired Source of acquisition Cost, normal purchase price Total Checkouts Full call number Barcode Date last seen Copy number Cost, replacement price Koha item type
    Dewey Decimal Classification   Not For Loan Non-fiction D.B.Act.Division D.B.Act.Division 25/11/2008 DBAD / PUB 750.00   327.54 IND EN-75352 25/11/2008 1 750.00 English Books

© Delhi Public Library
Hit Counter
free hit counter